Famous People - Statistics

General Stats
  • This quiz has been taken 80 times
  • The average score is 5 of 15
Answer Stats
Hint Answer % Correct
Roar Katy Perry
79%
What do you mean justin bieber
65%
Wildest dreams Taylor Swift
59%
love me like you do ellie goulding
58%
Moves like Jagger maroon 5
58%
Bad michael jackson
39%
happy pharrell williams
38%
time for africa Shakira
36%
Want To Want Me jason derulo
32%
Hey Brother avicii
27%
Shut Up and Dance walk the moon
23%
TNT ACDC
12%
Hypnotise notorious big
5%
parachute timomatic
5%
stone cyrus
3%
No matching quizzes found
Score Distribution
Percent of People with Each Score
Percentile by Number Answered
Your Score History
You have not taken this quiz